|
|
|
|
| LEADER |
00000cam a22000004a 4500 |
| 001 |
musev2_28477 |
| 003 |
MdBmJHUP |
| 005 |
20230905043021.0 |
| 006 |
m o d |
| 007 |
cr||||||||nn|n |
| 008 |
131220s2014 nyu o 00 0 eng d |
| 020 |
|
|
|a 9780815652328
|
| 020 |
|
|
|z 9780815633235
|
| 035 |
|
|
|a (OCoLC)879306256
|
| 040 |
|
|
|a MdBmJHUP
|c MdBmJHUP
|
| 100 |
1 |
|
|a Long, Andrew C.
|
| 245 |
1 |
0 |
|a Reading Arabia :
|b British Orientalism in the Age of Mass Publication, 1880-1930 /
|c Andrew C. Long.
|
| 250 |
|
|
|a First edition.
|
| 264 |
|
1 |
|a Syracuse, New York :
|b Syracuse University Press,
|c 2014.
|
| 264 |
|
3 |
|a Baltimore, Md. :
|b Project MUSE,
|c 2014
|
| 264 |
|
4 |
|c ©2014.
|
| 300 |
|
|
|a 1 online resource (264 pages):
|b illustrations, portraits
|
| 336 |
|
|
|a text
|b txt
|2 rdacontent
|
| 337 |
|
|
|a computer
|b c
|2 rdamedia
|
| 338 |
|
|
|a online resource
|b cr
|2 rdacarrier
|
| 490 |
0 |
|
|a Contemporary issues in the Middle East
|
| 505 |
0 |
|
|a Introduction: Britain at the fin de siecle and the Orientalist unconscious -- The two tangents of British Orientalism : Burton and Doughty, dandy and prophet in the 1880s -- Khartoum nightmare : popular literature of the British campaign in the Sudan -- A refusal and a traversal : Robert Cunninghame Graham's engagement with Orientalism in Mogreb-el-Acksa -- Orientalism from within and without : Marmaduke Pickthall -- The Arabist as abject modern : T.E. Lawrence -- Conclusion: How to read the Orientalist archive.
|
| 588 |
|
|
|a Description based on print version record.
|
| 650 |
|
7 |
|a Stereotypes (Social psychology) in literature.
|2 fast
|0 (OCoLC)fst01431525
|
| 650 |
|
7 |
|a Public opinion, British.
|2 fast
|0 (OCoLC)fst01354095
|
| 650 |
|
7 |
|a Orientalism.
|2 fast
|0 (OCoLC)fst01048139
|
| 650 |
|
7 |
|a International relations.
|2 fast
|0 (OCoLC)fst00977053
|
| 650 |
|
7 |
|a Fantasy in literature.
|2 fast
|0 (OCoLC)fst00920849
|
| 650 |
|
7 |
|a British literature.
|2 fast
|0 (OCoLC)fst00839082
|
| 650 |
|
7 |
|a Arabs in popular culture.
|2 fast
|0 (OCoLC)fst00812612
|
| 650 |
|
7 |
|a Arabs in mass media.
|2 fast
|0 (OCoLC)fst00812610
|
| 650 |
|
7 |
|a Arabs in literature.
|2 fast
|0 (OCoLC)fst00812609
|
| 650 |
|
7 |
|a HISTORY
|x General.
|2 bisacsh
|
| 650 |
|
7 |
|a SOCIAL SCIENCE
|x General.
|2 bisacsh
|
| 650 |
|
6 |
|a Stereotypes dans la litterature.
|
| 650 |
|
6 |
|a Fantasmes dans la litterature.
|
| 650 |
|
6 |
|a Arabes dans la litterature.
|
| 650 |
|
6 |
|a Litterature britannique
|x Histoire et critique.
|
| 650 |
|
6 |
|a Arabes dans la culture populaire
|z Grande-Bretagne
|x Histoire.
|
| 650 |
|
6 |
|a Orientalisme
|z Grande-Bretagne
|x Histoire.
|
| 650 |
|
0 |
|a Stereotypes (Social psychology) in literature.
|
| 650 |
|
0 |
|a Fantasy in literature.
|
| 650 |
|
0 |
|a Arabs in literature.
|
| 650 |
|
0 |
|a British literature
|x History and criticism.
|
| 650 |
|
0 |
|a Arabs in mass media.
|
| 650 |
|
0 |
|a Arabs in popular culture
|z Great Britain
|x History.
|
| 650 |
|
0 |
|a Orientalism
|z Great Britain
|x History.
|
| 651 |
|
7 |
|a Great Britain.
|2 fast
|0 (OCoLC)fst01204623
|
| 651 |
|
7 |
|a Arab countries.
|2 fast
|0 (OCoLC)fst01240128
|
| 651 |
|
6 |
|a États arabes
|x Relations
|z Grande-Bretagne.
|
| 651 |
|
0 |
|a Arab countries
|x Foreign public opinion, British.
|
| 651 |
|
0 |
|a Arab countries
|x Relations
|z Great Britain.
|
| 651 |
|
0 |
|a Great Britain
|x Relations
|z Arab countries.
|
| 655 |
|
7 |
|a History.
|2 fast
|0 (OCoLC)fst01411628
|
| 655 |
|
7 |
|a Criticism, interpretation, etc.
|2 fast
|0 (OCoLC)fst01411635
|
| 655 |
|
7 |
|a Electronic books.
|2 local
|
| 710 |
2 |
|
|a Project Muse.
|e distributor
|
| 830 |
|
0 |
|a Book collections on Project MUSE.
|
| 856 |
4 |
0 |
|z Texto completo
|u https://projectmuse.uam.elogim.com/book/28477/
|
| 945 |
|
|
|a Project MUSE - Custom Collection
|
| 945 |
|
|
|a Project MUSE - 2014 Complete
|
| 945 |
|
|
|a Project MUSE - 2014 Global Cultural Studies
|